Vize integrovaného systému pro podporu elektronického bankovnictví se stává realitou
Vízia elektronického bankovníctva. Garancia bezpečnosti dát. Rámcový návrh riešenia elektronického bankovníctva.
Guardado en:
| Formato: | Libro |
|---|---|
| Lenguaje: | checo |
| Materias: | |
| Etiquetas: |
Sin Etiquetas, Sea el primero en etiquetar este registro!
|
MARC
| LEADER | 00000nam a2200000 4500 | ||
|---|---|---|---|
| 001 | r031676 | ||
| 005 | 20230522102435.8 | ||
| 041 | 0 | |a cze | |
| 044 | |a CZ | ||
| 245 | 1 | 0 | |a Vize integrovaného systému pro podporu elektronického bankovnictví se stává realitou |
| 520 | |a Vízia elektronického bankovníctva. Garancia bezpečnosti dát. Rámcový návrh riešenia elektronického bankovníctva. | ||
| 610 | 2 | 0 | |a služby bankové |
| 610 | 2 | 0 | |a bankovníctvo |
| 610 | 2 | 0 | |a styk platobný bezhotovostný |
| 610 | 2 | 0 | |a elektronizácia |
| 610 | 2 | 0 | |a technológie informačné |
| 610 | 2 | 0 | |a programy používateľské |
| 610 | 2 | 0 | |a ochrana dát |
| 610 | 2 | 0 | |a vízie |
| 610 | 2 | 0 | |a softvér |
| 610 | 2 | 0 | |a bankomaty |
| 610 | 2 | 0 | |a banky |